01565naa a2200241 i 45000010005000000030009000050050017000140080039000310400021000700800012000911000170001032450071002734900091003445000021004355200402004566500021008586500033008797730255009128300091011679420013012589990015012719520037012863520KOSZ 00520171201130450.0151230s2010 pl f |000 0 pol cBPKdKOSZ 005/EG a629.7831 aKOPCZEWSKI, Marian.d1997 - .bPolitechnika Koszalińska - Instytut Polityki Społecznej i Stosunków Międzynarodowych,cZakład Polityki Społeczno-Gospodarczej10aStan systemów telekomunikacji satelitarnej /cMarian Kopczewski. aMonografia Wydziału Elektroniki i Informatyki / Politechnika Koszalińska ;vnr 190. aDane z autopsji. aPrzedstawiono aktualny stan satelitarnych sieci telekomunikacyjnych. Opisano wady i zalety systemów satelitarnych z uwzględnieniem parametrów technicznych terminali, dostępności (widoczności) satelitów, szybkości transmisji itp. Wskazano możliwości zastosowania systemów łączności satelitarnej do komunikowania się w miejscach o słabej infrastrukturze organizacyjnej. 0aTelekomunikacja. 0aŁączność satelitarna.0 iW :tInformatyczne systemy zarządzania / red. Krzysztof Bzdyra, Grzegorz Bocewicz.dKoszalin : Wydaw. Uczelniane Politechniki Koszalińskiej, 2010. -gs. 57-83. -kMonografia Wydział Elektroniki i Informatyki / Politechnika Koszalińska ; nr 190 0aMonografia Wydziału Elektroniki i Informatyki / Politechnika Koszalińska ;vnr 190. cROZ2UKD c3520d3520 00104070aBPKbBPKo97224yROZ